| 000 | 00937nam a2200277Ia 4500 | ||
|---|---|---|---|
| 008 | 191130s1998##################000#0#eng## | ||
| 020 | _a9780750634052 | ||
| 022 | _a98213326 | ||
| 040 |
_aACL _cACL |
||
| 082 | _a362.1068 ROB | ||
| 100 | _aRoberts, Kathleen | ||
| 245 |
_aProject management for health care professionals _cKathleen Roberts and Carol Ludvigsen |
||
| 260 |
_aOxford ; Boston _bButterworth-Heinemann _c1998 |
||
| 300 | _aix, 150 p. : ill. ; 22 cm | ||
| 500 | _aIncludes bibliographical references (p. [146]-147) and index | ||
| 650 | _aHealth Services - organization & administration | ||
| 650 | _aHealth Services Administration | ||
| 650 | _aPlanning Techniques | ||
| 650 | _aProgram Development | ||
| 650 | _aPublic health administration | ||
| 650 | _aTask Performance and Analysis | ||
| 700 | _aLudvigsen, Carole | ||
| 990 | _ad4e2aa0fac10000c3ccdf5825e0eb9cb | ||
| 991 | _a366258 | ||
| 999 |
_c45616 _d45616 |
||